Sports Quiz

Random Sports or Baseball Quiz

Top 10 Seattle Mariner Pitchers Quiz Stats

 Plays Quiz not verified by Sporcle

Challenge
Share
Tweet
Embed
Score 0/11 Timer 03:00
0 Plays Today
# Player % Correct
1.Randy Johnson
96.6%
2.Jamie Moyer
91.7%
5.Freddy Garcia
81.4%
4.Mark Langston
80.7%
6.Mike Moore
59.3%
3.Felix Hernandez
58.6%
7.Erik Hanson
47.6%
9.Floyd Bannister
44.8%
10.Joel Pineiro
41.4%
8.Jim Beattie
29%
J.J. Putz
28.3%

You're not logged in!

Compare scores with friends on all Sporcle quizzes.
OR
Log In

You Might Also Like...

Show Comments

Extras

Top Quizzes Today


Score Distribution

Your Account Isn't Verified!

In order to create a playlist on Sporcle, you need to verify the email address you used during registration. Go to your Sporcle Settings to finish the process.

Report this User

Report this user for behavior that violates our Community Guidelines.

Details: